000 00746nam a2200241 a 4500
001 000011078
005 20240412074222.0
008 091014s2006 dr 001 p spa d
020 _a9945427016
040 _aDO-SdBNP
_bspa
_cBNPHU
082 _aRD861.5
_bS267e
100 1 _aSaviñón, Petra,
_d1976-
_926578
245 1 0 _aEntre brumas /
_cPetra, Saviñón.
260 _aSanto Domingo :
_bEditora Nacional,
_c2006.
300 _a111 p. ;
_c24 cm.
490 1 _aJóvenes autores
500 _aIncluye datos biográficos de la autora.
590 _aInventariado, 2019 / DG
650 0 _aPoesía dominicana
_966
650 0 _aLiteratura dominicana.
_967
830 0 _aJóvenes autores
_926579
910 _aValidado. Control de calidad BNPHU
999 _c10803
_d10803